000 00889 a2200193 4500
003 NUST
005 20251216131808.0
040 _cNust
082 _a621.382,EMA
100 _aEman, Kanzah (TCC-22)
_9131551
245 _aCafe Map-Web based Online Ordering System /
_cKanzah Eman, Tayyaba Farooqi,Omair Altaf and Asad Mahmood (TCC-22)
260 _aRawalpindi
_bMCS (NUST)
_cJune 2014
300 _a110 p.;
505 _aIntroduction (Page-1), Back Ground and Literature Review (Page-4), Technological Requirements (Page-12), Approach & Specification (Page-22),Tools & Techniques (Page-30), Implementation (Page-37), Analysis and Evaluation (Page-64), Future Work (Page-71), Bibliography (Page-110).
650 _aUG Project
_9131132
651 _aTCC-22
_9131223
700 _aSupervised by Lec Intisar Rizwan-i-Haque and Co Supervised by Mr Juwad Arshad
_9132319
942 _cPR
_2ddc
999 _c212156
_d212156